| 000 | 01559nam a2200421 a 4500 | ||
|---|---|---|---|
| 001 | vtls001508257 | ||
| 003 | NLI | ||
| 005 | 20210627140953.0 | ||
| 008 | 121211m1928uuuuii f000 0 eng | ||
| 039 | 9 |
_y201212111853 _zVLOAD |
|
| 040 | 0 |
_aNLI _beng _cXData_2 _eAACR2 |
|
| 041 | 0 | _aeng | |
| 044 | _aii | ||
| 082 | 0 | 4 | _a328.5451 |
| 110 | 1 |
_aMadras (India). _bLegislative Council _n3rd Session _91044094 |
|
| 245 | 1 | 0 |
_aIndex to the proceedings to the Madras legislative council _n3rd session of the third legislative council / _cLegislative council, Government of Madras |
| 260 |
_aMadras : _bThe Authority of Council, _c1928- |
||
| 300 |
_a-v. ; _c25 cm. |
||
| 500 | _aLibrary has Vol.44-49 | ||
| 650 | 0 |
_aDebates and debating _zIndia _zMadras _91042624 |
|
| 650 | 0 |
_aParliamentary practice _zIndia _zMadras _9682322 |
|
| 650 | 0 |
_aLegislative bodies _zIndia _zMadras _9682323 |
|
| 651 | 0 |
_aMadras (India) _xPolitics and government _y1947- |
|
| 887 | _a | ||
| 901 |
_aIMP8470 date _b15.09.2009 |
||
| 901 |
_aIMP8471 date _b15.09.2009 _9v.44 |
||
| 901 |
_aIMP8472 date _b15.09.2009 _9v.45 |
||
| 901 |
_aIMP8473 date _b15.09.2009 _9v.46 |
||
| 901 |
_aIMP8475 date _b15.09.2009 _9v.47 |
||
| 901 |
_aIMP8476 date _b15.09.2009 _9v.48 |
||
| 901 |
_aIMP8477 date _b15.09.2009 _9v.49 |
||
| 902 | _aGP 328.5451[1]02 M 267 lcp | ||
| 949 |
_AVIRTUAITEM _D10003 _X100 _6IOD000008472ENG _9v.45 |
||
| 942 |
_2ddc _cBKS |
||
| 949 |
_AVIRTUAITEM _D10003 _X100 _6IOD000008476ENG _9v.48 |
||
| 949 |
_AVIRTUAITEM _D10003 _X100 _6IOD000008477ENG _9v.49 |
||
| 999 |
_aVIRTUA40 _c957230 _d957230 |
||